<?xml version="1.0" encoding="UTF-8"?>
<collection xmlns="http://www.loc.gov/MARC21/slim">
  <record>
    <leader>00000nam  2200000   4500</leader>
    <controlfield tag="001">INLIS000000000009191</controlfield>
    <controlfield tag="005">20200917104520</controlfield>
    <datafield tag="035" ind1="#" ind2="#">
      <subfield code="a">0010-0920000093</subfield>
    </datafield>
    <controlfield tag="007">ta</controlfield>
    <controlfield tag="008">200917################|##########|#|##</controlfield>
    <datafield tag="100" ind1="1" ind2="#">
      <subfield code="a">Wijayanti, Arini</subfield>
    </datafield>
    <datafield tag="245" ind1="1" ind2="#">
      <subfield code="a">SALAM RAPI :</subfield>
      <subfield code="b">Strategi Pengelolaan Pengaduan Masyarakat untuk Peningkatan Kinerja Layanan Publik Sekretariat Jenderal DPR RI /</subfield>
      <subfield code="c">Arini Wijayanti</subfield>
    </datafield>
    <datafield tag="260" ind1="#" ind2="#">
      <subfield code="a">Jakarta :</subfield>
      <subfield code="b">Pusbangkom Pimnas LAN,</subfield>
      <subfield code="c">2020</subfield>
    </datafield>
    <datafield tag="300" ind1="#" ind2="#">
      <subfield code="a">47 :</subfield>
      <subfield code="b">ilus. ;</subfield>
      <subfield code="c">30 cm</subfield>
    </datafield>
    <datafield tag="650" ind1="#" ind2="#">
      <subfield code="a">Pengaduan Masyarakat</subfield>
    </datafield>
    <datafield tag="856" ind1="#" ind2="#">
      <subfield code="a">Perpustakaan Lembaga Administrasi Negara</subfield>
    </datafield>
  </record>
</collection>
